000 00289nam a2200121Ia 4500
008 240731s9999 xx 000 0 und d
022 _a1476-4997
245 0 _aStrategic Survey
260 _bRoutledge
856 _uhttps://www.tandfonline.com/loi/tssu20
942 _2ddc
942 _cTFEJ
999 _c79561
_d79561
945 _a1
_bMadushi Gamage
_c1
_dMadushi Gamage